01437nac a22003611i 4500003000900000005001700009008004100026020001500067020001800082040004300100082001900143100004400162245010600206250002000312264003800332264001000370300004100380336002600421337002800447338002700475490002800502500002000530650002700550655001700577700004400594740004300638856009300681856008500774856007300859942001200932999001500944952011600959EG-ScBUE20250616130640.0250616t1989 nyua f 001 0 eng d a0070000425 a9780070000421 aEG-ScBUEbengerdacEG-ScBUEdEG-ScBUE04a536.7bABB2221 aAbbott, Michael M., eauthor.10aSchaum's outline of theory and problems of thermodynamics /cMichael M. Abbott, Hendrick C. Van Ness. aSecond edition. 1aNew York : bMcGraw-Hill,c[1989] 4cc1989 a362 pages :billustrations ;c28 cm. 2rdacontentatextbtxt aunmediated2rdamediabn avolumebnc2rdacarrier0 aSchaum's outline series aIncludes index. 0aThermodynamics.2BUEsh vReading book1 aVan Ness, H. C.q(Hendrick C.)eauthor.0 aTheory and problems of thermodynamics.423Contributor biographical informationuhttp://www.loc.gov/catdir/bios/mh041/89002576.html423Publisher descriptionuhttp://www.loc.gov/catdir/description/mh031/89002576.html423Table of contentsuhttp://www.loc.gov/catdir/toc/mh021/89002576.html cBB2ddc c4446d4446 00104070aMAINbMAINc1STd2006-09-07ePurchasel0o536.7 ABBp000005375r2025-07-15 00:00:00w2007-09-06yBB